000 00525nam a2200193Ia 4500
003 GCL
008 140319s9999 xx 000 0 ara d
040 _aGCL /
_cGCL
082 0 4 _a616.89
_bع ع
100 1 _aعبدالرحمن عيسوى
245 1 0 _aالعلاج النفسى /
_cعبدالرحمن عيسوى
300 _aبيروت
490 _a
650 0 4 _aعلم النفس
650 0 4 _aالامراض
650 0 4 _aالعلاج النفسى
650 0 4 _aالامراض النفسية
942 _2ddc
_cBK
999 _c38563
_d38563